Euroopan valtiot omilla kielillään - Statistics

Yleistilastot
  • Tätä visaa on pelattu 1 484 kertaa
  • Keskiarvotulos 37 / 45
Vastaustilastot
Valtio Suomeksi % Oikein
Suomi Suomi
100%
España Espanja
97%
Ísland Islanti
97%
Italia Italia
97%
Polska Puola
97%
Danmark Tanska
97%
Deutschland Saksa
95%
United Kingdom Yhdistynyt kuningaskunta
95%
Nederland Alankomaat
94%
België Belgia
94%
France Ranska
93%
Eesti Viro
93%
Latvija Latvia
92%
Lietuva Liettua
92%
Norge Norja
92%
Malta Malta
91%
Moldova Moldova
91%
Monaco Monaco
91%
Portugal Portugali
91%
România Romania
91%
San Marino San Marino
91%
Slovenija Slovenia
91%
Andorra Andorra
90%
Sverige Ruotsi
90%
Kosova Kosovo
89%
Slovensko Slovakia
89%
Schweiz Sveitsi
89%
Česká republika Tšekki
89%
Liechtenstein Liechtenstein
88%
Città del Vaticano Vatikaanivaltio
87%
Österreich Itävalta
78%
Россия Venäjä
75%
Ελλάδα Kreikka
74%
Lëtzebuerg Luxemburg
74%
Северна Македонија Pohjois-Makedonia
72%
Éire Irlanti
67%
Україна Ukraina
66%
Босна и Херцеговина Bosnia ja Hertsegovina
62%
Белару́сь Valko-Venäjä
57%
България Bulgaria
56%
Magyarország Unkari
56%
Hrvatska Kroatia
54%
Србија Serbia
52%
Shqipëri Albania
45%
Црна Гора Montenegro
41%
Ehtoja vastaavia visoja ei löytynyt
Tulosjakauma
Jokaisen tuloksen saaneiden osuus
Persentiili vastausten määrän mukaan
Tuloshistoriasi
Et ole pelannut tätä visaa